| 000 | 00851nam a22002177a 4500 | ||
|---|---|---|---|
| 001 | 1900495 | ||
| 003 | AM-YEHGA | ||
| 005 | 20250617164659.0 | ||
| 008 | 230502s2013 gs a|||gr|||||||||0|geo|d | ||
| 020 | _a9789941059728 | ||
| 040 | _aAM-YeHGA | ||
| 041 | 0 | _ageo | |
| 100 | 1 | _aჯონსი, სტივენ | |
| 245 | 1 | 0 |
_aსაქართველო : _bპოლიტიკური ისტორია დამოუკიდებლობის გამოცხადების შემდეგ / _cსტივენ ჯონსი. |
| 260 |
_aთბილისი : _bსოციალურ მეცნიერებათა ცენტრი, _c2013. |
||
| 300 |
_aXXII, 456 p. : _bill. |
||
| 650 | 1 | 4 |
_aPolitical history _zGeorgia |
| 650 | 1 | 4 |
_aPolitical science _zGeorgia |
| 942 |
_2udc _cBK |
||
| 090 | _c565959 | ||
| 999 |
_c527821 _d527821 |
||